000 007280000a22002050004500
020 _a0-8297-1826-P
041 0 _aSPA
082 0 4 _aG 248.8421 C9371q
100 1 _aChall, Sally Leman
245 1 0 _aQue Los niños vengan a mi : Cómo enseñarles a los hijos a conocer a Dios / Sally Leman Chall ; Luis Magín Álvarez, Traductor
260 _aDeerfield, FL., USA : Vida
300 _a174 Pag
500 _aTítulo original : Making God real to your children
650 1 4 _aFAMILIA - VIDA RELIGIOSA \ PADRES - ASPECTOS RELIGIOSOS - CRISTIANISMO \ NIÑOS - VIDA RELIGIOSA
001 5806
942 _cBK
999 _c36168
_d36168
336 _atexto
_btxt
_2rdacontent
337 _2rdamedia
_asin mediación
_bn
338 _2rdacarrier
_avolumen
_bnc